Biggest Cities in Pakistan - Extreme - Statistics

General Stats
  • This quiz has been taken 151 times
  • The average score is 35 of 100
Answer Stats
Population City % Correct
2,360,000+ Islamabad
100%
14,300,000+ Karachi
100%
11,400,000+ Lahore
97%
3,800,000+ Faisalabad
88%
1,980,000+ Hyderabad
85%
2,400,000+ Rawalpindi
82%
1,450,000+ Peshawar
79%
1,190,000+ Quetta
79%
2,150,000+ Multan
76%
2,470,000+ Gujranwala
74%
497,000+ Dera Ghazi Khan
68%
580,000+ Sukkur
68%
920,000+ Bahawalpur
65%
450,000+ Gujrat
62%
753,000+ Sialkot
59%
124,000+ Mirpur
56%
504,000+ Rahim Yar Khan
56%
157,000+ Abbottabad
53%
580,000+ Larkana
53%
404,000+ Mardan
53%
725,000+ Muzaffarabad
53%
360,000+ Dera Ismail Khan
47%
405,000+ Kasur
47%
470,000+ Sahiwal
47%
188,000+ Jhelum
44%
740,000+ Sargodha
44%
146,000+ Attock
41%
560,000+ Sheikhupura
41%
126,000+ Bahawalnagar
38%
170,000+ Jacobabad
38%
463,000+ Jhang
38%
165,000+ Muzaffargarh
38%
280,000+ Nawabshah
38%
179,000+ Swabi
38%
102,000+ Wazirabad
38%
230,000+ Burewala
35%
278,000+ Chiniot
35%
200,000+ Hafizabad
35%
102,000+ Haroonabad
35%
330,000+ Mingora
35%
233,000+ Mirpur Khas
35%
425,000+ Okara
35%
240,000+ Sadiqabad
35%
125,000+ Tando Adam
35%
213,000+ Turbat
35%
460,000+ Wah Cantonment
35%
170,000+ Hub
32%
174,000+ Khanewal
32%
150,000+ Kohat
32%
61,000+ Mansehra
32%
288,000+ Pakpattan
32%
137,000+ Gujranwala Cantonment
29%
88,000+ Hasilpur
29%
77,000+ Kot Abdul Malik
29%
104,000+ Kot Addu
29%
440,000+ Kotri
29%
164,000+ Muridke
29%
68,000+ Narowal
29%
127,000+ Tando Allahyar
29%
42,000+ Umerkot
29%
74,000+ Bhalwal
26%
283,000+ Chakwal
26%
100,000+ Kamber Ali Khan
26%
250,000+ Kamoke
26%
180,000+ Khanpur
26%
49,000+ Mirpur Mathelo
26%
156,000+ Samundri
26%
72,000+ Shahdadkot
26%
72,000+ Tando Muhammad Khan
26%
116,000+ Ahmedpur East
24%
122,000+ Chishtian
24%
71,000+ Ferozwala
24%
67,000+ Taxila
24%
156,000+ Shikarpur
21%
88,000+ Chaman
15%
139,000+ Dadu
15%
124,000+ Khairpur
15%
78,000+ Layyah
15%
115,000+ Vehari
15%
87,000+ Arif Wala
12%
130,000+ Mandi Bahauddin
12%
89,000+ Mianwali
12%
73,000+ Badin
9%
81,000+ Bhakkar
9%
95,000+ Charsadda
9%
126,000+ Daska
9%
112,000+ Kamalia
9%
102,000+ Khushab
9%
160,000+ Khuzdar
9%
97,000+ Lodhran
9%
96,000+ Nowshera
9%
64,000+ Ghotki
6%
140,000+ Gojra
6%
119,000+ Jaranwala
6%
47,000+ Jatoi
6%
80,000+ Kandhkot
6%
75,000+ Kabal
3%
62,000+ Sambrial
3%
103,000+ Daharki
0%
No matching quizzes found
Score Distribution
Percent of People with Each Score
Percentile by Number Answered
Your Score History
You have not taken this quiz